General English (Record no. 84677)

MARC details
000 -LEADER
fixed length control field 00456nam a22001577a 4500
010 ## - LCCN (DPL NO)
LC control number B-524253
020 ## - INTERNATIONAL STANDARD BOOK NUMBER
International Standard Book Number 97851111122247
Terms of availability 270.00
035 ## - SYSTEM CONTROL NUMBER
System control number B-524253
037 ## - SOURCE OF ACQUISITION
Stock number RP/Shahdra UBH bill No 035/4.06.2013
Source of stock number/acquisition RP/Shahdra UBH Bill No 035/4.06.2013
082 ## - DEWEY DECIMAL CLASSIFICATION NUMBER
Classification number 480
100 ## - MAIN ENTRY--PERSONAL NAME
Personal name Thakur, A.K
245 ## - TITLE STATEMENT
Title General English
Remainder of title /by A.K Thakur
260 ## - PUBLICATION, DISTRIBUTION, ETC. (IMPRINT)
Place of publication, distribution, etc New Delhi
Name of publisher, distributor, etc lucent Publication
Date of publication, distribution, etc 2012
300 ## - PHYSICAL DESCRIPTION
Extent 554pgs
Other physical details 20cm(PB)
942 ## - ADDED ENTRY ELEMENTS (KOHA)
Source of classification or shelving scheme Dewey Decimal Classification
Item type English Books
Classification part THA
Call number prefix 480
Holdings
Withdrawn status Lost status Not for loan Collection code Home library Current library Date acquired Source of acquisition Full call number Barcode Cost, replacement price Koha item type
  Written-off vide DLB M. No. 383 dt 16.05.19   Non-fiction Shahdara Branch Shahdara Branch 29/05/2014 RP/Shadhra THA B-524253 270.00 English Books

© Delhi Public Library
Hit Counter
free hit counter